000
00309nam a2200133Ia 4500
005
20260326235445.0
008
260326s9999||||xx |||||||||||||| ||und||
100
_a
McQuaid, Matilda
245
0
_a
Shigeru Ban /
_c
Matilda McQuaid
260
_b
Phaidon
300
_a
240 p.
650
_a
ARQUITECTOS
942
_c
BK
999
_c
7558
_d
7558